000 00848nam a2200277 i 4500
003 DO-SdBNP
005 20250829093957.0
007 ta
008 250829b2016 dr |||| |||| 00| 0 spa d
020 _a9789945880892
040 _aDO-SdBNP
_bspa
_cBNPHU
_erda
041 _hsp
082 4 _axxx
_bG241h
_222
100 _aGarrido, Alberto,
_eautor
_4aut.
_943486
245 1 3 _aLa hora de despertarnos juntos /
_cAlberto Garrido ; edición, Vivian Lechuga
264 4 _aSanto Domingo :
_bFundación Casa de Teatro,
_c©2016.
300 _a68 páginas ;
_c21 cm.
336 _atexto
_btxt
_2rdacontent
337 _asin mediación
_bn
_2rdamedia
338 _avolumen
_bnc
_2rdacarrier
586 _aPremio de Poesia 2015.
590 _aInventariado, 2025/DG
700 _aLechuga, Vivian,
_eeditor
_4ed.
_934619
910 _aDG
942 _2ddc
_cLBS1
999 _c59847
_d59847